00426nam a2200193Ia 4500003000900000008004100009040001300050040001300063041000800076100002200084245004800106250001200154260001200166260000900178300001000187300001000197490001800207490000700225IT-RoPAU120407s9999 xx 000 0 und d aIT-RoPAU cIT-RoPAU aita aTarcisio Stramare aMatteo divorzista? Studi su Mt. 5,32 e 19,9 aBrescia aPaideia c1986 a96 p. c21 cm aStudi biblici v76